Stati per tasso di mortalità - Africa - Statistics

Statistiche generali
  • Questo quiz è stato fatto 6 volte
  • Il punteggio medio è 7 su 10
Statistiche sulle risposte
Tasso di mortalità (morti/ 1000 abitanti) Nazione % Corretto
11,04 Somalia
100%
9,22 Sud Sudan
100%
9,21 Ciad
80%
9,66 Niger
80%
11,51 Repubblica Centrafricana
80%
8,98 Botswana
60%
9,93 Mozambico
60%
9,25 Sudafrica
60%
10,90 Lesotho
40%
9,14 Sierra Leone
40%
Nessun quiz corrispondente trovato
Distribuzione punteggi
Percentuale di utenti per punteggio
Percentile per numero di risposta
I tuoi punteggi nel tempo
Non hai fatto questo quiz